000 00664nam a22002177a 4500
003 UA-OsUOA
001 112441
007 ta
008 20150706b un ||||| |||| 00| 0 ukr d
100 _aШушакова І.
090 _a330(477)
_bШ98
942 _cSA
040 _aUA-OsUOA
_bukr
_cUA-OsUOA
_dUA-OsUOA
245 _aПроблеми та перспективи розвитку інтелектуальної власності в Україні
300 _aС.63-74
955 _a0
041 _aukr
080 _a330(477)
773 0 _w112435
_tБанківська справа
_dК.
_d2015
_g2
650 7 _a330 Економіка взагалі
_2UDC
999 _c399030
_d399030